[Event "7th Iberoamerican-ch 2019"]
[Site "Linares"]
[Date "2019.08.13"]
[Round "4.14"]
[White "Krysa, Leandro"]
[Black "Matnadze, Ana"]
[Result "1-0"]
[WhiteElo "2517"]
[BlackElo "2363"]
[Annotator "ChessBase"]
[PlyCount "95"]
[EventDate "2019.08.10"]
[EventType "swiss"]
[EventCountry "ESP"]
[SourceTitle "playchess.com"]
[Source "ChessBase"]
[SourceQuality "1"]
[TimeControl "5400+30"]

1. c4 {[%emt 0:00:00]} Nf6 {[%emt 0:00:00]} 2. Nc3 {[%emt 0:00:00]} e6 {[%emt 0:00:07]} 3. e4 {[%emt 0:00:06]} d6 {[%emt 0:00:09]} 4. d4 {[%emt 0:00:42]} g6 {[%emt 0:00:39]} 5. Be2 {[%emt 0:06:37]} Bg7 {[%emt 0:00:12]} 6. Bg5 {[%emt 0:00:15]} h6 {[%emt 0:00:12]} 7. Be3 {[%emt 0:00:29]} b6 {[%emt 0:02:07]} 8. Qd2 {[%emt 0:03:01]} Bb7 {[%emt 0:00:09]} 9. f3 {[%emt 0:01:15]} Nbd7 {[%emt 0:02:21]} 10. Nh3 {[%emt 0:02:53]} e5 {[%emt 0:03:02]} 11. d5 {[%emt 0:01:01]} a5 {[%emt 0:00:24]} 12. Bd1 {[%emt 0:07:37]} Ba6 {[%emt 0:02:32]} 13. b3 {[%emt 0:01:04]} Nh5 {[%emt 0:01:31]} 14. O-O {[%emt 0:02:14]} Nc5 {[%emt 0:04:20]} 15. Rb1 {[%emt 0:07:22]} Bc8 {[%emt 0:04:39]} 16. Nf2 {[%emt 0:00:37]} f5 {[%emt 0:00:39]} 17. exf5 {[%emt 0:01:53]} Bxf5 {[%emt 0:01:15]} 18. Bc2 {[%emt 0:01:08]} Nf6 {[%emt 0:05:09]} 19. a3 {[%emt 0:01:41]} Kf7 {[%emt 0:04:58]} 20. b4 {[%emt 0:02:44]} Bxc2 {[%emt 0:00:52]} 21. Qxc2 {[%emt 0:00:48]} Ncd7 {[%emt 0:00:31]} 22. Nfe4 {[%emt 0:16:46]} axb4 {[%emt 0:04:30]} 23. axb4 {[%emt 0:00:05]} Kg8 {[%emt 0:05:24]} 24. c5 {[%emt 0:03:53]} bxc5 {[%emt 0:07:16]} 25. bxc5 {[%emt 0:00:07]} dxc5 {[%emt 0:00:46]} 26. Bxc5 {[%emt 0:10:26]} Kh7 {[%emt 0:07:26]} 27. Rfd1 {[%emt 0:01:57]} Nh5 {[%emt 0:02:35]} 28. Be3 {[%emt 0:01:30]} Rf8 {[%emt 0:03:38]} 29. Nb5 {[%emt 0:02:10]} Rc8 {[%emt 0:03:50]} 30. Na7 {[%emt 0:00:22]} Ra8 {[%emt 0:01:50]} 31. Rb7 {[%emt 0:00:10]} Ndf6 {[%emt 0:01:49]} 32. Nxf6+ {[%emt 0:02:14]} Qxf6 {[%emt 0:00:30]} 33. Qxc7 {[%emt 0:02:32]} Nf4 {[%emt 0:01:21]} 34. Qe7 {[%emt 0:01:32]} Ne2+ {[%emt 0:03:23]} 35. Kf1 {[%emt 0:04:06]} Nc3 {[%emt 0:07:18]} 36. Rd3 {[%emt 0:01:38]} Ne4 {[%emt 0:02:38]} 37. d6 {[%emt 0:00:33]} Rad8 {[%emt 0:00:57]} 38. Qxf6 {[%emt 0:04:57]} Rxf6 {[%emt 0:00:27]} 39. d7 {[%emt 0:00:09]} Nd6 {[%emt 0:00:31]} 40. Rc7 {[%emt 0:01:05]} e4 {[%emt 0:00:24]} 41. Rd1 {[%emt 0:01:45]} Nf5 {[%emt 0:05:29]} 42. Bc5 {[%emt 0:00:39]} exf3 {[%emt 0:00:31]} 43. Nc6 {[%emt 0:02:06]} fxg2+ {[%emt 0:00:36]} 44. Kxg2 {[%emt 0:01:01]} Nh4+ {[%emt 0:00:10]} 45. Kh1 {[%emt 0:00:44]} Rxd7 {[%emt 0:01:31]} 46. Rdxd7 {[%emt 0:00:16]} Rf1+ {[%emt 0:00:21]} 47. Bg1 {[%emt 0:00:04]} Nf5 {[%emt 0:00:27]} 48. Nd4 {[%emt 0:00:21]} 1-0

[Event "7th Iberoamerican-ch 2019"]
[Site "Linares"]
[Date "2019.08.13"]
[Round "4.15"]
[White "Cuenca Jimenez, Jose Fernando"]
[Black "Sos Andreu, Eric"]
[Result "1-0"]
[WhiteElo "2534"]
[BlackElo "2343"]
[Annotator "ChessBase"]
[PlyCount "105"]
[EventDate "2019.08.10"]
[EventType "swiss"]
[EventCountry "ESP"]
[SourceTitle "playchess.com"]
[Source "ChessBase"]
[SourceQuality "1"]
[TimeControl "5400+30"]

1. Nf3 {[%emt 0:00:00]} Nf6 {[%emt 0:00:00]} 2. c4 {[%emt 0:00:20]} g6 {[%emt 0:00:02]} 3. Nc3 {[%emt 0:00:16]} d5 {[%emt 0:00:20]} 4. cxd5 {[%emt 0:00:07]} Nxd5 {[%emt 0:00:05]} 5. Qb3 {[%emt 0:00:06]} Nb6 {[%emt 0:00:36]} 6. d4 {[%emt 0:00:09]} Bg7 {[%emt 0:02:04]} 7. Bf4 {[%emt 0:00:07]} Be6 {[%emt 0:00:17]} 8. Qa3 {[%emt 0:05:18]} Nc6 {[%emt 0:02:11]} 9. e3 {[%emt 0:01:18]} O-O {[%emt 0:02:48]} 10. Be2 {[%emt 0:00:21]} Bc4 {[%emt 0:13:49]} 11. Bxc4 {[%emt 0:09:57]} Nxc4 {[%emt 0:00:09]} 12. Qc5 {[%emt 0:01:17]} Nb6 {[%emt 0:10:50]} 13. O-O {[%emt 0:07:12]} e6 {[%emt 0:00:46]} 14. Rac1 {[%emt 0:09:49]} Re8 {[%emt 0:02:06]} 15. Rfd1 {[%emt 0:01:53]} Qe7 {[%emt 0:03:45]} 16. Ne4 {[%emt 0:07:20]} Nd5 {[%emt 0:06:06]} 17. Bg3 {[%emt 0:01:13]} Bf8 {[%emt 0:05:53]} 18. Qc2 {[%emt 0:13:53]} Rac8 {[%emt 0:09:22]} 19. a3 {[%emt 0:02:14]} Qd7 {[%emt 0:05:11]} 20. Qb3 {[%emt 0:03:49]} Na5 {[%emt 0:05:54]} 21. Qd3 {[%emt 0:01:10]} f5 {[%emt 0:02:35]} 22. Ned2 {[%emt 0:02:39]} Bd6 {[%emt 0:04:01]} 23. b4 {[%emt 0:02:18]} Nc6 {[%emt 0:00:27]} 24. Nc4 {[%emt 0:07:17]} Bxg3 {[%emt 0:06:00]} 25. hxg3 {[%emt 0:00:07]} Nf6 {[%emt 0:00:53]} 26. b5 {[%emt 0:02:35]} Ne7 {[%emt 0:00:33]} 27. Na5 {[%emt 0:01:55]} c6 {[%emt 0:04:58]} 28. bxc6 {[%emt 0:01:39]} Nxc6 {[%emt 0:00:11]} 29. Nxc6 {[%emt 0:00:10]} Rxc6 {[%emt 0:02:42]} 30. Ne5 {[%emt 0:00:43]} Rxc1 {[%emt 0:00:05]} 31. Nxd7 {[%emt 0:01:02]} Rxd1+ {[%emt 0:00:05]} 32. Qxd1 {[%emt 0:00:03]} Nxd7 {[%emt 0:00:12]} 33. Qa4 {[%emt 0:01:28]} Nf6 {[%emt 0:01:12]} 34. Qxa7 {[%emt 0:00:12]} Re7 {[%emt 0:00:08]} 35. f3 {[%emt 0:01:34]} Kf7 {[%emt 0:00:29]} 36. Qb8 {[%emt 0:02:39]} Rd7 {[%emt 0:01:14]} 37. Kf2 {[%emt 0:00:28]} Re7 {[%emt 0:01:03]} 38. a4 {[%emt 0:00:16]} Rd7 {[%emt 0:00:38]} 39. a5 {[%emt 0:00:04]} Re7 {[%emt 0:00:04]} 40. Ke2 {[%emt 0:00:33]} h5 {[%emt 0:01:31]} 41. Qc8 {[%emt 0:02:35]} Ne8 {[%emt 0:02:18]} 42. Kd3 {[%emt 0:01:01]} Rc7 {[%emt 0:00:45]} 43. Qd8 {[%emt 0:00:26]} Re7 {[%emt 0:00:32]} 44. e4 {[%emt 0:03:11]} fxe4+ {[%emt 0:00:22]} 45. fxe4 {[%emt 0:00:01]} Nf6 {[%emt 0:01:54]} 46. e5 {[%emt 0:01:09]} Ne8 {[%emt 0:02:50]} 47. Kc4 {[%emt 0:01:49]} Ng7 {[%emt 0:00:33]} 48. Kc5 {[%emt 0:00:26]} Ne8 {[%emt 0:02:15]} 49. Kb6 {[%emt 0:00:23]} Kf8 {[%emt 0:00:13]} 50. Qc8 {[%emt 0:01:36]} Kf7 {[%emt 0:01:05]} 51. Qxb7 {[%emt 0:00:26]} Rxb7+ {[%emt 0:00:06]} 52. Kxb7 {[%emt 0:00:03]} Ke7 {[%emt 0:00:03]} 53. Kc8 {[%emt 0:00:14]} 1-0

[Event "7th Iberoamerican-ch 2019"]
[Site "Linares"]
[Date "2019.08.13"]
[Round "4.16"]
[White "Matamoros Franco, Carlos S."]
[Black "Lianes Garcia, Marcos"]
[Result "1/2-1/2"]
[WhiteElo "2498"]
[BlackElo "2346"]
[Annotator "ChessBase"]
[PlyCount "37"]
[EventDate "2019.08.10"]
[EventType "swiss"]
[EventCountry "ESP"]
[SourceTitle "playchess.com"]
[Source "ChessBase"]
[SourceQuality "1"]
[TimeControl "5400+30"]

1. c4 {[%emt 0:00:00]} c6 {[%emt 0:00:00]} 2. Nf3 {[%emt 0:00:17]} d5 {[%emt 0:00:08]} 3. e3 {[%emt 0:00:19]} Nf6 {[%emt 0:00:45]} 4. Nc3 {[%emt 0:00:10]} e6 {[%emt 0:05:15]} 5. d4 {[%emt 0:02:37]} Nbd7 {[%emt 0:01:14]} 6. Bd2 {[%emt 0:00:20]} Bd6 {[%emt 0:00:48]} 7. Bd3 {[%emt 0:00:15]} O-O {[%emt 0:01:14]} 8. O-O {[%emt 0:00:07]} dxc4 {[%emt 0:11:31]} 9. Bxc4 {[%emt 0:00:14]} e5 {[%emt 0:00:11]} 10. Qc2 {[%emt 0:02:12]} exd4 {[%emt 0:16:16]} 11. exd4 {[%emt 0:00:11]} Nb6 {[%emt 0:00:37]} 12. Bb3 {[%emt 0:00:19]} Nfd5 {[%emt 0:22:39]} 13. Rae1 {[%emt 0:18:15]} Nxc3 {[%emt 0:10:23]} 14. bxc3 {[%emt 0:03:02]} Qf6 {[%emt 0:00:06]} 15. Qc1 {[%emt 0:35:49]} h6 {[%emt 0:07:47]} 16. c4 {[%emt 0:00:05]} Bg4 {[%emt 0:03:31]} 17. c5 {[%emt 0:08:57]} Bxf3 {[%emt 0:00:31]} 18. gxf3 {[%emt 0:01:51]} Qg6+ {[%emt 0:00:08]} 19. Kh1 {[%emt 0:01:30]} 1/2-1/2

[Event "7th Iberoamerican-ch 2019"]
[Site "Linares"]
[Date "2019.08.13"]
[Round "4.17"]
[White "Cruz Ravina, Francisco Javier"]
[Black "Espinosa Aranda, Angel"]
[Result "0-1"]
[WhiteElo "2363"]
[BlackElo "2488"]
[Annotator "ChessBase"]
[PlyCount "86"]
[EventDate "2019.08.10"]
[EventType "swiss"]
[EventCountry "ESP"]
[SourceTitle "playchess.com"]
[Source "ChessBase"]
[SourceQuality "1"]
[TimeControl "5400+30"]

1. e4 {[%emt 0:00:00]} c5 {[%emt 0:00:00]} 2. Nf3 {[%emt 0:00:17]} d6 {[%emt 0:00:09]} 3. d4 {[%emt 0:00:46]} cxd4 {[%emt 0:00:11]} 4. Qxd4 {[%emt 0:00:40]} Nf6 {[%emt 0:01:01]} 5. e5 {[%emt 0:02:30]} Nc6 {[%emt 0:01:13]} 6. Bb5 {[%emt 0:00:48]} Qa5+ {[%emt 0:00:18]} 7. Nc3 {[%emt 0:00:17]} Qxb5 {[%emt 0:00:04]} 8. Nxb5 {[%emt 0:00:15]} Nxd4 {[%emt 0:00:07]} 9. Nbxd4 {[%emt 0:00:30]} dxe5 {[%emt 0:00:07]} 10. Nxe5 {[%emt 0:00:08]} Nd5 {[%emt 0:00:02]} 11. c4 {[%emt 0:05:50]} Nc7 {[%emt 0:00:33]} 12. f4 {[%emt 0:05:41]} f6 {[%emt 0:00:14]} 13. Nef3 {[%emt 0:01:59]} e6 {[%emt 0:00:05]} 14. O-O {[%emt 0:06:47]} b6 {[%emt 0:00:43]} 15. Re1 {[%emt 0:02:40]} Kf7 {[%emt 0:01:44]} 16. Be3 {[%emt 0:11:52]} Bb7 {[%emt 0:00:22]} 17. Rad1 {[%emt 0:07:20]} Be7 {[%emt 0:01:31]} 18. Kf2 {[%emt 0:09:59]} Rhd8 {[%emt 0:04:49]} 19. b3 {[%emt 0:05:43]} Na6 {[%emt 0:11:12]} 20. Nb5 {[%emt 0:16:08]} Bb4 {[%emt 0:15:17]} 21. Rf1 {[%emt 0:02:15]} Nc5 {[%emt 0:01:36]} 22. Bxc5 {[%emt 0:03:10]} Bxc5+ {[%emt 0:01:43]} 23. Ke2 {[%emt 0:00:08]} Ke7 {[%emt 0:09:52]} 24. g3 {[%emt 0:05:07]} Be4 {[%emt 0:00:29]} 25. Nc3 {[%emt 0:01:25]} Bc2 {[%emt 0:01:07]} 26. Rd2 {[%emt 0:05:53]} Rxd2+ {[%emt 0:00:11]} 27. Nxd2 {[%emt 0:00:39]} Rd8 {[%emt 0:00:06]} 28. Rc1 {[%emt 0:02:19]} Bf5 {[%emt 0:02:08]} 29. Nde4 {[%emt 0:01:32]} Ba3 {[%emt 0:00:17]} 30. Rc2 {[%emt 0:00:40]} Bb4 {[%emt 0:01:08]} 31. Rc1 {[%emt 0:00:49]} Bg4+ {[%emt 0:02:49]} 32. Ke1 {[%emt 0:01:05]} a5 {[%emt 0:01:41]} 33. Nf2 {[%emt 0:00:36]} Bf3 {[%emt 0:00:09]} 34. Rc2 {[%emt 0:00:30]} h6 {[%emt 0:00:29]} 35. Kf1 {[%emt 0:00:18]} g5 {[%emt 0:00:07]} 36. fxg5 {[%emt 0:00:22]} hxg5 {[%emt 0:00:04]} 37. Nb1 {[%emt 0:00:31]} Bh5 {[%emt 0:04:08]} 38. a3 {[%emt 0:00:34]} Bg6 {[%emt 0:00:07]} 39. Rc1 {[%emt 0:00:34]} Bc5 {[%emt 0:00:13]} 40. Ke2 {[%emt 0:00:29]} f5 {[%emt 0:02:39]} 41. h3 {[%emt 0:00:21]} f4 {[%emt 0:00:31]} 42. gxf4 {[%emt 0:00:24]} gxf4 {[%emt 0:00:04]} 43. Rg1 {[%emt 0:01:01]} f3+ {[%emt 0:00:33]} 0-1

[Event "7th Iberoamerican-ch 2019"]
[Site "Linares"]
[Date "2019.08.13"]
[Round "4.18"]
[White "Moreno Ruiz, Javier"]
[Black "Rodriguez Perez, Angel Mariano"]
[Result "1-0"]
[WhiteElo "2473"]
[BlackElo "2223"]
[Annotator "ChessBase"]
[PlyCount "101"]
[EventDate "2019.08.10"]
[EventType "swiss"]
[EventCountry "ESP"]
[SourceTitle "playchess.com"]
[Source "ChessBase"]
[SourceQuality "1"]
[TimeControl "5400+30"]

1. d4 {[%emt 0:00:00]} Nf6 {[%emt 0:00:00]} 2. c4 {[%emt 0:00:00]} g6 {[%emt 0:00:00]} 3. Nc3 {[%emt 0:00:00]} d5 {[%emt 0:00:00]} 4. cxd5 {[%emt 0:00:39]} Nxd5 {[%emt 0:00:01]} 5. e4 {[%emt 0:00:10]} Nxc3 {[%emt 0:00:06]} 6. bxc3 {[%emt 0:00:05]} Bg7 {[%emt 0:00:06]} 7. Bc4 {[%emt 0:00:24]} c5 {[%emt 0:01:20]} 8. Ne2 {[%emt 0:00:07]} Nc6 {[%emt 0:01:23]} 9. Be3 {[%emt 0:01:08]} cxd4 {[%emt 0:02:57]} 10. cxd4 {[%emt 0:00:10]} Qa5+ {[%emt 0:00:35]} 11. Bd2 {[%emt 0:00:24]} Qd8 {[%emt 0:09:11]} 12. Bc3 {[%emt 0:01:55]} O-O {[%emt 0:00:03]} 13. O-O {[%emt 0:00:36]} Na5 {[%emt 0:01:08]} 14. Bd3 {[%emt 0:01:04]} Bd7 {[%emt 0:01:14]} 15. Qd2 {[%emt 0:07:59]} b6 {[%emt 0:00:55]} 16. Rac1 {[%emt 0:01:01]} Nb7 {[%emt 0:02:29]} 17. Bb2 {[%emt 0:07:46]} Rc8 {[%emt 0:02:33]} 18. Qb4 {[%emt 0:18:11]} Na5 {[%emt 0:05:03]} 19. Ba6 {[%emt 0:02:03]} Rxc1 {[%emt 0:00:25]} 20. Rxc1 {[%emt 0:00:11]} Bc6 {[%emt 0:00:16]} 21. d5 {[%emt 0:11:17]} Bxb2 {[%emt 0:01:15]} 22. Qxb2 {[%emt 0:00:05]} Bb7 {[%emt 0:00:16]} 23. Bxb7 {[%emt 0:00:41]} Nxb7 {[%emt 0:00:07]} 24. Nd4 {[%emt 0:00:09]} Na5 {[%emt 0:10:43]} 25. h4 {[%emt 0:18:44]} Qd7 {[%emt 0:05:12]} 26. h5 {[%emt 0:06:21]} Rc8 {[%emt 0:05:36]} 27. h6 {[%emt 0:00:07]} f6 {[%emt 0:06:24]} 28. Ne6 {[%emt 0:05:02]} Nc4 {[%emt 0:01:41]} 29. Qd4 {[%emt 0:01:43]} Ne5 {[%emt 0:00:45]} 30. Rc3 {[%emt 0:01:33]} Ng4 {[%emt 0:03:02]} 31. f3 {[%emt 0:01:44]} Nxh6 {[%emt 0:01:38]} 32. Qa4 {[%emt 0:00:41]} Qe8 {[%emt 0:03:53]} 33. Rc7 {[%emt 0:03:03]} Nf7 {[%emt 0:04:17]} 34. Qxa7 {[%emt 0:02:03]} Rxc7 {[%emt 0:01:00]} 35. Nxc7 {[%emt 0:00:09]} Qc8 {[%emt 0:03:57]} 36. Qxb6 {[%emt 0:00:05]} f5 {[%emt 0:01:39]} 37. exf5 {[%emt 0:04:12]} Qxf5 {[%emt 0:01:44]} 38. Qb8+ {[%emt 0:02:59]} Kg7 {[%emt 0:00:27]} 39. Ne8+ {[%emt 0:00:18]} Kh6 {[%emt 0:01:00]} 40. Qh2+ {[%emt 0:00:10]} Kg5 {[%emt 0:00:16]} 41. Qg3+ {[%emt 0:00:11]} Kh6 {[%emt 0:00:40]} 42. Qh4+ {[%emt 0:00:17]} Qh5 {[%emt 0:00:16]} 43. Qxh5+ {[%emt 0:02:46]} Kxh5 {[%emt 0:00:16]} 44. a4 {[%emt 0:00:05]} Ne5 {[%emt 0:01:31]} 45. a5 {[%emt 0:00:17]} Nc4 {[%emt 0:01:17]} 46. a6 {[%emt 0:00:15]} Nb6 {[%emt 0:00:05]} 47. Nc7 {[%emt 0:00:50]} Kg5 {[%emt 0:00:06]} 48. a7 {[%emt 0:00:24]} Kf5 {[%emt 0:00:05]} 49. a8=Q {[%emt 0:00:12]} Nxa8 {[%emt 0:00:02]} 50. Nxa8 {[%emt 0:00:07]} Ke5 {[%emt 0:00:02]} 51. Nb6 {[%emt 0:00:06]} 1-0

[Event "7th Iberoamerican-ch 2019"]
[Site "Linares"]
[Date "2019.08.13"]
[Round "4.19"]
[White "Perez Garcia, Alejandro"]
[Black "Del Rio De Angelis, Salvador G."]
[Result "1/2-1/2"]
[WhiteElo "2347"]
[BlackElo "2464"]
[Annotator "ChessBase"]
[PlyCount "95"]
[EventDate "2019.08.10"]
[EventType "swiss"]
[EventCountry "ESP"]
[SourceTitle "playchess.com"]
[Source "ChessBase"]
[SourceQuality "1"]
[TimeControl "5400+30"]

1. Nf3 {[%emt 0:00:00]} d5 {[%emt 0:00:09]} 2. g3 {[%emt 0:00:15]} Nf6 {[%emt 0:00:40]} 3. Bg2 {[%emt 0:00:39]} e6 {[%emt 0:00:07]} 4. c4 {[%emt 0:01:43]} Be7 {[%emt 0:00:07]} 5. O-O {[%emt 0:00:52]} O-O {[%emt 0:00:08]} 6. d4 {[%emt 0:00:45]} Nbd7 {[%emt 0:01:33]} 7. Qc2 {[%emt 0:02:02]} a5 {[%emt 0:00:18]} 8. Nbd2 {[%emt 0:03:03]} c5 {[%emt 0:00:51]} 9. Rd1 {[%emt 0:08:42]} b6 {[%emt 0:03:57]} 10. cxd5 {[%emt 0:08:34]} Nxd5 {[%emt 0:03:13]} 11. Nc4 {[%emt 0:03:32]} Ba6 {[%emt 0:03:32]} 12. Nfe5 {[%emt 0:07:41]} Nxe5 {[%emt 0:08:50]} 13. dxe5 {[%emt 0:05:05]} Nb4 {[%emt 0:09:27]} 14. Rxd8 {[%emt 0:03:07]} Nxc2 {[%emt 0:00:36]} 15. Rxa8 {[%emt 0:00:09]} Rxa8 {[%emt 0:00:22]} 16. Bxa8 {[%emt 0:00:19]} Bxc4 {[%emt 0:00:13]} 17. b3 {[%emt 0:00:07]} Nxa1 {[%emt 0:00:07]} 18. bxc4 {[%emt 0:00:06]} Nc2 {[%emt 0:00:05]} 19. Kg2 {[%emt 0:11:10]} Nb4 {[%emt 0:06:42]} 20. a3 {[%emt 0:01:27]} Na6 {[%emt 0:00:18]} 21. h4 {[%emt 0:01:54]} Nc7 {[%emt 0:02:57]} 22. Bc6 {[%emt 0:00:24]} Bd8 {[%emt 0:00:43]} 23. h5 {[%emt 0:02:03]} Be7 {[%emt 0:01:52]} 24. g4 {[%emt 0:06:24]} h6 {[%emt 0:02:22]} 25. Kg3 {[%emt 0:02:56]} Bd8 {[%emt 0:00:08]} 26. f4 {[%emt 0:01:19]} Be7 {[%emt 0:00:05]} 27. a4 {[%emt 0:11:34]} g5 {[%emt 0:03:30]} 28. hxg6 {[%emt 0:04:35]} fxg6 {[%emt 0:00:07]} 29. f5 {[%emt 0:01:00]} gxf5 {[%emt 0:02:19]} 30. gxf5 {[%emt 0:05:27]} exf5 {[%emt 0:00:08]} 31. Bxh6 {[%emt 0:00:17]} Kf7 {[%emt 0:00:09]} 32. Bd5+ {[%emt 0:04:23]} Ne6 {[%emt 0:01:09]} 33. Kf3 {[%emt 0:02:27]} Bd8 {[%emt 0:02:52]} 34. e4 {[%emt 0:00:12]} fxe4+ {[%emt 0:00:07]} 35. Kxe4 {[%emt 0:00:05]} Ke7 {[%emt 0:00:08]} 36. Bxe6 {[%emt 0:02:54]} Kxe6 {[%emt 0:00:09]} 37. Bg7 {[%emt 0:00:24]} Bc7 {[%emt 0:12:28]} 38. Bf6 {[%emt 0:00:16]} Bb8 {[%emt 0:00:06]} 39. Bd8 {[%emt 0:00:48]} Bxe5 {[%emt 0:00:05]} 40. Bxb6 {[%emt 0:00:05]} Bc3 {[%emt 0:00:03]} 41. Bxc5 {[%emt 0:00:05]} Be1 {[%emt 0:00:04]} 42. Bf8 {[%emt 0:01:35]} Bf2 {[%emt 0:01:21]} 43. c5 {[%emt 0:00:33]} Kd7 {[%emt 0:00:32]} 44. Kd5 {[%emt 0:00:19]} Bxc5 {[%emt 0:00:06]} 45. Kxc5 {[%emt 0:00:36]} Kc7 {[%emt 0:00:05]} 46. Kb5 {[%emt 0:00:19]} Kb7 {[%emt 0:00:06]} 47. Bd6 {[%emt 0:00:08]} Ka8 {[%emt 0:00:06]} 48. Ka6 1/2-1/2

[Event "7th Iberoamerican-ch 2019"]
[Site "Linares"]
[Date "2019.08.13"]
[Round "4.20"]
[White "Domingo Nunez, Ruben"]
[Black "Larino Nieto, David"]
[Result "1-0"]
[WhiteElo "2318"]
[BlackElo "2471"]
[Annotator "ChessBase"]
[PlyCount "57"]
[EventDate "2019.08.10"]
[EventType "swiss"]
[EventCountry "ESP"]
[SourceTitle "playchess.com"]
[Source "ChessBase"]
[SourceQuality "1"]
[TimeControl "5400+30"]

1. e4 {[%emt 0:00:00]} c6 {[%emt 0:00:00]} 2. Nf3 {[%emt 0:04:38]} d5 {[%emt 0:00:00]} 3. Nc3 {[%emt 0:00:06]} g6 {[%emt 0:00:00]} 4. d4 {[%emt 0:01:45]} Bg7 {[%emt 0:00:00]} 5. h3 {[%emt 0:00:05]} dxe4 {[%emt 0:00:00]} 6. Nxe4 {[%emt 0:00:05]} Nf6 {[%emt 0:00:00]} 7. Nxf6+ {[%emt 0:00:06]} exf6 {[%emt 0:00:02]} 8. Bd3 {[%emt 0:00:13]} O-O {[%emt 0:00:04]} 9. O-O {[%emt 0:00:05]} a5 {[%emt 0:00:16]} 10. a4 {[%emt 0:13:44]} Na6 {[%emt 0:00:12]} 11. c3 {[%emt 0:00:05]} Qd6 {[%emt 0:01:54]} 12. Nd2 {[%emt 0:04:54]} Be6 {[%emt 0:03:49]} 13. Ne4 {[%emt 0:06:41]} Qd5 {[%emt 0:00:09]} 14. Re1 {[%emt 0:11:47]} Rfe8 {[%emt 0:03:37]} 15. Bf4 {[%emt 0:03:06]} Bf5 {[%emt 0:06:13]} 16. Qc2 {[%emt 0:01:21]} g5 {[%emt 0:06:12]} 17. Bg3 {[%emt 0:04:54]} Re6 {[%emt 0:00:27]} 18. Re3 {[%emt 0:07:22]} Bg6 {[%emt 0:04:07]} 19. Rae1 {[%emt 0:00:44]} Bh6 {[%emt 0:13:56]} 20. Qe2 {[%emt 0:04:08]} f5 {[%emt 0:12:49]} 21. Bc4 {[%emt 0:00:38]} Qd8 {[%emt 0:00:07]} 22. Bxe6 {[%emt 0:02:46]} fxe6 {[%emt 0:00:48]} 23. Nd6 {[%emt 0:11:05]} f4 {[%emt 0:00:02]} 24. Rxe6 {[%emt 0:00:07]} fxg3 {[%emt 0:00:06]} 25. Rxg6+ {[%emt 0:00:58]} hxg6 {[%emt 0:00:13]} 26. Qe6+ {[%emt 0:00:02]} Kh7 {[%emt 0:00:11]} 27. Qf7+ {[%emt 0:00:02]} Bg7 {[%emt 0:00:33]} 28. Ne8 {[%emt 0:00:03]} gxf2+ {[%emt 0:00:04]} 29. Kxf2 {[%emt 0:00:06]} 1-0

[Event "7th Iberoamerican-ch 2019"]
[Site "Linares"]
[Date "2019.08.13"]
[Round "4.21"]
[White "Fluvia Poyatos, Jordi"]
[Black "Rodriguez Del Cerro, Ricardo"]
[Result "1-0"]
[WhiteElo "2455"]
[BlackElo "2235"]
[Annotator "ChessBase"]
[PlyCount "49"]
[EventDate "2019.08.10"]
[EventType "swiss"]
[EventCountry "ESP"]
[SourceTitle "playchess.com"]
[Source "ChessBase"]
[SourceQuality "1"]
[TimeControl "5400+30"]

1. g3 {[%emt 0:00:00]} Nf6 {[%emt 0:00:13]} 2. Bg2 {[%emt 0:01:14]} d5 {[%emt 0:00:37]} 3. Nf3 {[%emt 0:00:57]} e6 {[%emt 0:00:37]} 4. d3 {[%emt 0:01:25]} Be7 {[%emt 0:01:26]} 5. Nbd2 {[%emt 0:00:47]} c5 {[%emt 0:00:42]} 6. e4 {[%emt 0:00:37]} Nc6 {[%emt 0:00:40]} 7. O-O {[%emt 0:00:19]} b6 {[%emt 0:00:58]} 8. Re1 {[%emt 0:01:33]} Bb7 {[%emt 0:00:31]} 9. c3 {[%emt 0:00:40]} Qc7 {[%emt 0:01:22]} 10. a3 {[%emt 0:00:45]} O-O {[%emt 0:00:48]} 11. e5 {[%emt 0:06:30]} Nd7 {[%emt 0:01:16]} 12. Qe2 {[%emt 0:04:07]} b5 {[%emt 0:00:45]} 13. h4 {[%emt 0:01:40]} a5 {[%emt 0:07:32]} 14. Nf1 {[%emt 0:08:46]} b4 {[%emt 0:05:02]} 15. Bf4 {[%emt 0:01:49]} Nb6 {[%emt 0:05:33]} 16. N1h2 {[%emt 0:14:52]} bxc3 {[%emt 0:19:18]} 17. bxc3 {[%emt 0:00:06]} d4 {[%emt 0:00:51]} 18. c4 {[%emt 0:00:37]} Rfd8 {[%emt 0:05:38]} 19. Ng4 {[%emt 0:14:27]} Bf8 {[%emt 0:05:38]} 20. Ng5 {[%emt 0:01:18]} h6 {[%emt 0:08:58]} 21. Ne4 {[%emt 0:00:27]} Ne7 {[%emt 0:03:19]} 22. Ngf6+ {[%emt 0:11:39]} Kh8 {[%emt 0:00:44]} 23. Nd6 {[%emt 0:03:39]} Nc6 {[%emt 0:19:14]} 24. Nxb7 {[%emt 0:03:25]} Qxb7 {[%emt 0:00:53]} 25. Bxh6 {[%emt 0:01:04]} 1-0

[Event "7th Iberoamerican-ch 2019"]
[Site "Linares"]
[Date "2019.08.13"]
[Round "4.22"]
[White "Serarols Mabras, Bernat"]
[Black "Damaso, Rui"]
[Result "1/2-1/2"]
[WhiteElo "2381"]
[BlackElo "2425"]
[Annotator "NA"]
[PlyCount "59"]
[EventDate "2019.08.10"]
[EventType "swiss"]
[EventCountry "ESP"]
[SourceTitle "playchess.com"]
[Source "ChessBase"]
[SourceQuality "1"]
[TimeControl "5400+30"]

1. d4 {[%emt 0:00:00]} Nf6 {[%emt 0:00:00]} 2. c4 {[%emt 0:00:00]} c5 {[%emt 0:00:19]} 3. d5 {[%emt 0:00:00]} b5 {[%emt 0:00:14]} 4. cxb5 {[%emt 0:00:00]} a6 {[%emt 0:00:13]} 5. e3 {[%emt 0:00:31]} e6 {[%emt 0:19:33]} 6. Nc3 {[%emt 0:01:48]} exd5 {[%emt 0:03:54]} 7. Nxd5 {[%emt 0:03:29]} Bb7 {[%emt 0:18:09]} 8. Nxf6+ {[%emt 0:03:55]} Qxf6 {[%emt 0:00:12]} 9. Nf3 {[%emt 0:07:29]} Bd6 {[%emt 0:05:15]} 10. a4 {[%emt 0:21:41]} O-O {[%emt 0:01:14]} 11. Rb1 {[%emt 0:14:24]} Bc7 {[%emt 0:07:34]} 12. Bd2 {[%emt 0:01:03]} d5 {[%emt 0:07:24]} 13. Be2 {[%emt 0:05:20]} axb5 {[%emt 0:01:30]} 14. axb5 {[%emt 0:00:15]} Nd7 {[%emt 0:01:34]} 15. O-O {[%emt 0:01:52]} Rfe8 {[%emt 0:06:14]} 16. Bc3 {[%emt 0:04:59]} Qh6 {[%emt 0:00:21]} 17. g3 {[%emt 0:03:03]} Nf6 {[%emt 0:01:34]} 18. Bxf6 {[%emt 0:08:23]} Qxf6 {[%emt 0:00:05]} 19. b4 {[%emt 0:00:40]} d4 {[%emt 0:02:14]} 20. bxc5 {[%emt 0:00:30]} d3 {[%emt 0:01:21]} 21. Qxd3 {[%emt 0:01:02]} Bxf3 {[%emt 0:00:05]} 22. Bxf3 {[%emt 0:00:11]} Qxf3 {[%emt 0:00:06]} 23. b6 {[%emt 0:07:00]} Be5 {[%emt 0:00:15]} 24. Qb5 {[%emt 0:02:07]} h5 {[%emt 0:00:29]} 25. Rb4 {[%emt 0:01:25]} Re6 {[%emt 0:06:57]} 26. Rc4 {[%emt 0:03:28]} Rg6 {[%emt 0:04:59]} 27. b7 {[%emt 0:01:32]} Bxg3 {[%emt 0:00:58]} 28. hxg3 {[%emt 0:00:31]} Rxg3+ {[%emt 0:00:04]} 29. fxg3 {[%emt 0:00:11]} Qxg3+ {[%emt 0:00:06]} 30. Kh1 {[%emt 0:00:09]} 1/2-1/2